| 000 | 00631cam a22002053a 4500 | ||
|---|---|---|---|
| 001 | 43191 | ||
| 003 | PGUSA | ||
| 005 | 20140828084000.0 | ||
| 008 | 130710s2013||||xxu|||||s|||||000 | eng d | ||
| 040 |
_aPGUSA _beng |
||
| 042 | _adc | ||
| 100 | 1 | _aBungartz, Jean | |
| 245 | 1 | 0 |
_aPflege und Zucht der Zwergpapageien und Sittiche : _bKurze Anleitung zur Behandlung und Pflege _h[electronic resource] / _cJean Bungartz |
| 260 |
_bProject Gutenberg, _c2013 |
||
| 506 | _aPublic domain in the USA. | ||
| 516 | _aElectronic text | ||
| 830 | 0 |
_aProject Gutenberg _v43191 |
|
| 856 | 4 | 0 | _uhttp://www.gutenberg.org/ebooks/43191 |
| 942 | _cEB | ||
| 999 |
_c272442 _d272442 |
||